The elments of equity / (Record no. 41481)

MARC details
000 -LEADER
fixed length control field 00728nam a22002057a 4500
005 - DATE AND TIME OF LATEST TRANSACTION
control field 20100813101756.0
010 ## - LCCN (DPL NO)
LC control number ENG-100099
020 ## - INTERNATIONAL STANDARD BOOK NUMBER
Terms of availability 100.00
035 ## - SYSTEM CONTROL NUMBER
System control number EN-83631
037 ## - SOURCE OF ACQUISITION
Source of stock number/acquisition DBAD/PUB
082 ## - DEWEY DECIMAL CLASSIFICATION NUMBER
Classification number 347.8
100 ## - MAIN ENTRY--PERSONAL NAME
Personal name Jhabvala, Noshirvan H.
245 ## - TITLE STATEMENT
Title The elments of equity /
Statement of responsibility, etc by Noshirvan H. Jhabvala and Iqbal Muhammad Yusuf
260 ## - PUBLICATION, DISTRIBUTION, ETC. (IMPRINT)
Place of publication, distribution, etc Mumbai
Name of publisher, distributor, etc C. jamuna Das & Co.
270 ## - ADDRESS
Address 146-C, Shamaldas Gandhi Marg
City Mumbai
Postal code 400002
300 ## - PHYSICAL DESCRIPTION
Extent 160p.
Dimensions 23cm (pbk)
700 ## - ADDED ENTRY--PERSONAL NAME
Personal name Yusuf, Iqbal Muhammad
9 (RLIN) 12122
942 ## - ADDED ENTRY ELEMENTS (KOHA)
Source of classification or shelving scheme Dewey Decimal Classification
Item type English Books
Classification part 347.8
Call number suffix JHA
Holdings
Withdrawn status Lost status Not for loan Collection code Home library Current library Date acquired Source of acquisition Cost, normal purchase price Full call number Barcode Copy number Cost, replacement price Koha item type
    Not For Loan Non-fiction D.B.Act.Division D.B.Act.Division 13/08/2010 DBAD/PUB 100.00 347.8 JHA EN-83631 1 100.00 English Books

© Delhi Public Library
Hit Counter
free hit counter